Somos estrategas: dirección de comunicación empresarial e institucional
Saved in:
| Main Authors: | , |
|---|---|
| Format: | Bog |
| Sprog: | spansk |
| Udgivet: |
Barcelona
Gedisa
2015
|
| Udgivelse: | 1a. ed |
| Serier: | Comunicación, 59
|
| Fag: | |
| Tags: |
Tilføj Tag
Ingen Tags, Vær først til at tagge denne postø!
|
MARC
| LEADER | 00000cam a2200000 a 4500 | ||
|---|---|---|---|
| 001 | UCD5012 | ||
| 003 | CL-VaPUC | ||
| 008 | 160807e20150000sp |||||||||||||||||spa|d | ||
| 020 | |a 9788497849746 | ||
| 082 | 0 | 4 | |a 302.2 |b ENR |2 21 |
| 100 | 0 | |a Enrique Jiménez, Ana María |e author |9 588737 | |
| 700 | 0 | |a Morales Serrano, Francisca |e author |9 588738 | |
| 245 | 1 | 0 | |a Somos estrategas: dirección de comunicación empresarial e institucional |
| 250 | |a 1a. ed | ||
| 300 | |a 190 p | ||
| 942 | |c BK | ||
| 945 | |d 20160807 22:49:00 |a dcastane | ||
| 260 | |a Barcelona |b Gedisa |c 2015 | ||
| 650 | 0 | |a Comunicación empresarial |9 534022 | |
| 650 | 0 | |a Gestión organizacional |9 528422 | |
| 583 | |a last modification |c 20160807 22:49:00 |k Rodrigo Vera | ||
| 490 | 0 | |a Comunicación, 59 | |
| 999 | |c 365784 |d 365782 | ||
| 952 | |0 0 |1 0 |3 erb |4 0 |6 302_200000000000000_ENR_2015 |7 0 |8 A |9 479739 |a BIBCUR |b BIBCUR |i 5335094 |o 302.2 ENR 2015 |p 5335094 |r 2025-04-22 |w 2019-11-24 |y BK |z Catalogado en:20160807 |k MGC | ||